000
00295nam a2200133Ia 4500
008
230917s9999||||xx |||||||||||||| ||und||
040
_e
158794
_a
MAIN
041
_a
English
082
_a
372.241 S73P
100
_a
Sunita Kumari
245
0
_a
Prathmik shiksha
300
_a
107 p.
942
_c
TH
999
_c
74821
_d
74821